000 01328cam a2200349 i 4500
001 vtls001072277
003 NUKAT
005 20250818220029.0
008 080303s2007 pl a |000 0 pol c
020 _a9788498198072
_qseria
020 _a9788498198089
_qt. 1
035 _axx001072277
040 _aWA M/MM
_cWA M/MM
_dWA M/ES
_dPOZN U/EMs
_dWR O/dja
_dKR 307/KMs
100 1 _aSamsonowicz, Henryk
_d(1930-2021).
_919478
245 1 0 _aPolska do 1586 /
_c[aut. tekstów wiodących Henryk Samsonowicz, Andrzej Wyczański].
246 1 4 _aHistoria Polski :
_bPolska do 1586
260 _aMadrid :
_bMediasat Group,
_ccop. 2007.
300 _a622, [1] s. :
_bil. kolor. ;
_c22 cm.
336 _aTekst
_btxt
_2rdacontent
337 _aBez urządzenia pośredniczącego
_bn
_2rdamedia
338 _aWolumin
_bnc
_2rdacarrier
490 1 _aBiblioteka Gazety Wyborczej. Historia Powszechna, Historia Polski ;
_vt. 1
500 _aKolekcja przygotowana dla "Gazety Wyborczej".
504 _aBibliogr. przy rozdz.
651 4 _aPolska
_ydo 1572.
_93347
651 7 _aPolska
_y16 w.
_2kaba
_911400
700 1 _aWyczański, Andrzej
_d(1924-2008).
_97900
710 2 _924172
_aMediasat Group.
_4pbl
830 0 _aBiblioteka Gazety Wyborczej.
_pHistoria Powszechna, Polska i Świat
_v1
_912086
942 _2ddc
_cBK_NM
999 _c790
_d790